Oslobodenie od DPH pri vývoze tovaru

Právna úprava podľa smernice 2006/112/ES o spoločnom systéme DPH a zákona o dani z pridanej hodnoty. Vývoz tovaru a neutralita DPH. Dôkazy na účely DPH pri službách spojených s vývozom tovaru. Colný dohovor o medzinárodnej preprave tovaru TIR.

Gespeichert in:
Bibliographische Detailangaben
1. Verfasser: Betáková, Jaroslava
Format: Buchkapitel
Sprache:Slowakisch
Schlagworte:
Tags: Tag hinzufügen
Keine Tags, Fügen Sie das erste Tag hinzu!

MARC

LEADER 00000naa a2200000 4500
001 0278612
005 20210921105630.7
041 0 |a slo 
044 |a SK 
245 1 0 |a Oslobodenie od DPH pri vývoze tovaru  |c Jaroslava Betáková 
520 |a Právna úprava podľa smernice 2006/112/ES o spoločnom systéme DPH a zákona o dani z pridanej hodnoty. Vývoz tovaru a neutralita DPH. Dôkazy na účely DPH pri službách spojených s vývozom tovaru. Colný dohovor o medzinárodnej preprave tovaru TIR. 
610 2 0 |a dane z hodnoty pridanej 
610 2 0 |a oslobodenie od daní 
610 2 0 |a vývoz tovaru 
610 2 0 |a preprava 
610 2 0 |a legislatíva 
100 1 |a Betáková, Jaroslava